| 000 | 01027nam a2200205 i 4500 | ||
|---|---|---|---|
| 001 | 155536 | ||
| 003 | ES-MaACL | ||
| 005 | 20230906210121.0 | ||
| 008 | 970226s1893 sp |||| | spa d | ||
| 040 |
_aCLM _bspa _cCCPB | SIC |
||
| 245 | 0 | 0 | _aHomenaje que á la memoria del Excmo. Señor Don Emilio Bravo Presidente del Tribunal Supremo dedica la Biblioteca Judicial. |
| 260 |
_aMadrid : _b[s.n.], _c1893 ( _fEstablecimiento Tipográfico de Pedro Nuñez) |
||
| 300 |
_a346 p. ; _c19 cm. |
||
| 490 | 1 |
_aBiblioteca Judicial ; _v93 |
|
| 505 | 8 | _aRelación de contenido en cub. | |
| 505 | 8 | _aContiene: Biografía de Emilio Bravo -- La institución del Jurado y su planteamiento en España -- Informe relativo á la insttución del Jurado -- Sentencia referente al artículo "El rasgo" de Emilio Castelar -- Sentencia referente á un artículo atribuído á Calvo Asensio y discursos político-jurídicos | |
| 830 | 0 |
_aBiblioteca Judicial ; _v93 _9181856 |
|
| 852 |
_aES-MaACL _jB-6626 _z-- Enc. hol. |
||
| 999 |
_c155536 _d155536 |
||